Atriplex repanda: organización y manejo de ecosistemas con arbustos forrajeros
Guardat en:
| Autor principal: | |
|---|---|
| Altres autors: | |
| Format: | Llibre |
| Idioma: | espanyol |
| Publicat: |
Santiago
Universidad de Chile
1981
|
| Col·lecció: | Ciencias Agrícolas n§7
|
| Matèries: | |
| Etiquetes: |
Afegir etiqueta
Sense etiquetes, Sigues el primer a etiquetar aquest registre!
|
MARC
| LEADER | 00000nam a2200000 a 4500 | ||
|---|---|---|---|
| 001 | UCQ0119 | ||
| 003 | CL-VaPUC | ||
| 008 | 980619e19810000CL |||||||||||||||||spa|d | ||
| 082 | 0 | 4 | |a 633.8 |b OLI |2 21 |
| 100 | |a Olivares Espinoza, Alfredo |e autor |9 589699 | ||
| 700 | |a Gastó Coderch, Juan |e autor |9 757199 | ||
| 245 | 1 | 0 | |a Atriplex repanda: organización y manejo de ecosistemas con arbustos forrajeros |
| 300 | |a 300 p | ||
| 942 | |c BK | ||
| 945 | |d 19980619 00:00:00 |a mvenant | ||
| 260 | |a Santiago |b Universidad de Chile |c 1981 | ||
| 650 | 0 | |a Ecología agrícola |9 264266 | |
| 650 | 0 | |a Uso de la tierra rural |9 325661 | |
| 650 | 0 | |a Ecosistemas |9 261477 | |
| 650 | 7 | |a PLANTAS FORRAJERAS |2 CL-VaPUC |9 264229 | |
| 651 | 7 | |a CHILE |2 CL-VaPUC |9 413142 | |
| 583 | |a last modification |c 19980619 00:00:00 |k Rodrigo Vera | ||
| 490 | 0 | |a Ciencias Agrícolas n§7 | |
| 999 | |c 271273 |d 271271 | ||